[Event "Hamburg St Pauli op-B"]
[Site "Hamburg"]
[Date "2014.07.20"]
[Round "2"]
[White "Klawitter, Bernd"]
[Black "Badih, Sylvia"]
[Result "1-0"]
[WhiteElo "1629"]
[BlackElo "1384"]
[PlyCount "84"]
[EventDate "2014.07.19"]
[EventType "swiss"]
[EventRounds "9"]
[EventCountry "GER"]
[SourceTitle "CBM 161 Extra"]
[Source "ChessBase"]
[SourceDate "2014.08.29"]
[SourceVersion "1"]
[SourceVersionDate "2014.08.29"]
[SourceQuality "1"]

1. e4 c5 2. c3 a6 3. Nf3 Nc6 4. a3 e5 5. Bc4 Nf6 6. d3 Be7 7. 0-0 0-0 8. h3 b5 9. Ba2 d5 10. exd5 Nxd5 11. Re1 Bf6 12. Be3 Nxe3 13. Rxe3 Bb7 14. Nbd2 b4 15. axb4 cxb4 16. Ne4 Re8 17. Nxf6+ Qxf6 18. Qe2 bxc3 19. bxc3 e4 20. dxe4 Ne5 21. Nxe5 Qxe5 22. Re1 Rac8 23. Bd5 Bc6 24. c4 a5 25. Qa2 Qd4 26. Qxa5 Ra8 27. Qc7 Bxd5 28. cxd5 Ra1 29. d6 Rxe1+ 30. Rxe1 h6 31. d7 Rf8 32. e5 Qd2 33. Rb1 Kh7 34. Qc6 Rd8 35. Qd5 Kh8 36. e6 fxe6 37. Qxe6 Qxd7 38. Qg6 Qc7 39. Re1 Qc3 40. Re8+ Rxe8 41. Qxe8+ Kh7 42. Qe4+ g6 1-0